000 00461nam a2200181Ia 4500
001 3652
003 IN-NITTTR
005 20251114232950.0
008 251113s9999||||xx |||||||||||||| ||eng||
040 _beng
040 _cIN-NITTTR
041 _aeng
082 _a515.3 S89L
100 _aStrum, Robert D.
245 0 _aLaplace transform solution of differential equations /
_cStrum, Robert D., Ward, John R.
700 _a Ward, John R.
942 _2ddc
_cBK
999 _c5981
_d5981